000 00462nam a22001697a 4500
999 _c27069
_d27069
003 BDDh-ASL
005 20231015030723.0
008 211023s1857 xx ||||| |||| 00| 0 u d
040 _aBDDh-ASL
_cBDDh-ASL
082 _a297.3
_bALI
100 1 _aAli, Karamat
_95353
245 1 0 _aIhqaqul Haq : / احقاق الحق
260 _bIslamiya Press ,
_c1279 H. / 1857.
300 _a35 p. :
_c24 cm.
650 0 _95142
_a Islamic Discourse
942 _2ddc
_cBK